| 000 | 00733nam a22002297a 4500 | ||
|---|---|---|---|
| 005 | 20170124110145.0 | ||
| 010 | _aB-181237 | ||
| 020 |
_c325.00 _a9788180960147 |
||
| 035 | _aB-181237 | ||
| 037 | _bCen Lib/Ret | ||
| 040 |
_aDPL _bEN |
||
| 082 |
_a639.2092 _bJOS |
||
| 100 |
_aJoseph, Sherry _93492 |
||
| 245 |
_aFisherman : _cby Sherry Joseph _btheir social and economic development / |
||
| 260 |
_bSaloni Publishing House _aNew Delhi _c2003 |
||
| 270 |
_bNew Delhi _a4675/21, Ansari Road, Darya Ganj _e110002 |
||
| 300 |
_aix,150p. _c22cm(Hb) |
||
| 500 | _aIncludes bibliographical references and index | ||
| 650 |
_aFishing _933304 |
||
| 650 |
_aNoctilionidae _933305 |
||
| 942 |
_2ddc _cEN _h639.2092 _mJOS |
||
| 999 |
_c131953 _d131953 |
||